[Event "Regionalliga NW 1617"]
[Site "Bayern"]
[Date "2016.11.20"]
[Round "2.3"]
[White "Hertel, Hans"]
[Black "Kraich, Klaus"]
[Result "0-1"]
[WhiteElo "2020"]
[BlackElo "2051"]
[PlyCount "104"]
[EventDate "2016.10.16"]
[EventType "team-tourn"]
[EventRounds "9"]
[EventCountry "GER"]
[SourceTitle "EXT 2019"]
[Source "ChessBase"]
[SourceDate "2018.10.10"]
[SourceVersion "1"]
[SourceVersionDate "2018.10.10"]
[SourceQuality "1"]
[WhiteTeam "Hof PTSV"]
[BlackTeam "Klingenberg/Main"]
[WhiteTeamCountry "GER"]
[BlackTeamCountry "GER"]

1. d4 d5 2. c3 g6 3. Bg5 Bg7 4. e3 Nf6 5. Bd3 0-0 6. Nd2 c5 7. Bxf6 Bxf6 8. f4 Qb6 9. Rb1 cxd4 10. exd4 Qd6 11. Qf3 Nc6 12. Ne2 Bg7 13. 0-0 Bd7 14. Qf2 Rae8 15. Ng3 e6 16. Nb3 b6 17. Bb5 Bc8 18. Nc1 a6 19. Ba4 b5 20. Bb3 a5 21. Nd3 Ba6 22. Nc5 Nb8 23. Ne2 Nd7 24. Nxa6 Qxa6 25. Nc1 Rc8 26. Qe2 Qb6 27. Nd3 Rc7 28. a3 Rfc8 29. h4 b4 30. Ba4 bxc3 31. bxc3 Qd6 32. Bxd7 Rxd7 33. Nc5 Rxc5 34. dxc5 Qxc5+ 35. Kh2 Bxc3 36. Rb8+ Kg7 37. h5 d4 38. g4 d3 39. Qf3 d2 40. g5 h6 41. hxg6 Kxg6 42. Qh3 hxg5 43. Rg8+ Bg7 44. Qg4 Qf5 45. Qxf5+ exf5 46. Rd1 Kh7 47. Ra8 Bc3 48. fxg5 Re7 49. Rc8 Re1 50. Rxc3 Rxd1 51. Rd3 Kg6 52. Kg2 Kxg5 0-1

[Event "Regionalliga NW 1516"]
[Site "Bayern"]
[Date "2015.11.15"]
[Round "3.3"]
[White "Hertel, Hans"]
[Black "Brunsch, Michael"]
[Result "1/2-1/2"]
[WhiteElo "2020"]
[BlackElo "1891"]
[PlyCount "40"]
[EventDate "2015.10.11"]
[EventType "team-tourn"]
[EventRounds "9"]
[EventCountry "GER"]
[SourceTitle "EXT 2018"]
[Source "ChessBase"]
[SourceDate "2017.10.13"]
[SourceVersion "1"]
[SourceVersionDate "2017.10.13"]
[SourceQuality "1"]
[WhiteTeam "Hof PTSV"]
[BlackTeam "Hoechstadt/Aisch"]
[WhiteTeamCountry "GER"]
[BlackTeamCountry "GER"]

1. d4 Nf6 2. c3 g6 3. Bg5 Bg7 4. Nd2 d5 5. e3 0-0 6. Bd3 b6 7. f4 Ba6 8. Bxa6 Nxa6 9. Ngf3 c5 10. 0-0 Nc7 11. Qe2 Nce8 12. Rad1 Qc7 13. e4 dxe4 14. Nxe4 Nxe4 15. Qxe4 Nf6 16. Qe5 Rac8 17. Rfe1 Rfe8 18. dxc5 Qxc5+ 19. Qxc5 Rxc5 20. Ne5 Rc7 1/2-1/2

[Event "Regionalliga NW 1415"]
[Site "Bayern"]
[Date "2015.02.22"]
[Round "7.3"]
[White "Hertel, Hans"]
[Black "Reissner, Andreas"]
[Result "1-0"]
[WhiteElo "2020"]
[BlackElo "2018"]
[PlyCount "51"]
[EventDate "2014.10.19"]
[EventType "team-tourn"]
[EventRounds "9"]
[EventCountry "GER"]
[SourceTitle "EXT 2018"]
[Source "ChessBase"]
[SourceDate "2017.10.13"]
[SourceVersion "1"]
[SourceVersionDate "2017.10.13"]
[SourceQuality "1"]
[WhiteTeam "Hof PTSV"]
[BlackTeam "Marktleuthen"]
[WhiteTeamCountry "GER"]
[BlackTeamCountry "GER"]

1. d4 Nf6 2. Bg5 d5 3. c3 Ne4 4. Bh4 g5 5. Bg3 h5 6. e3 h4 7. Be5 f6 8. f3 fxe5 9. fxe4 dxe4 10. Be2 Bg7 11. Bh5+ Kf8 12. Nd2 Bf5 13. Nh3 e6 14. 0-0 exd4 15. Nxe4 Qd5 16. Nexg5 Ke7 17. e4 Qc5 18. exf5 dxc3+ 19. Kh1 cxb2 20. Rb1 exf5 21. Qb3 Rf8 22. Qe6+ Kd8 23. Rfd1+ Bd4 24. Nf7+ Rxf7 25. Qxf7 c6 26. Nf4 1-0

[Event "Regionalliga NW 1415"]
[Site "Bayern"]
[Date "2014.11.23"]
[Round "3.3"]
[White "Hertel, Hans"]
[Black "Becker, Alexander1"]
[Result "1/2-1/2"]
[WhiteElo "2020"]
[BlackElo "1944"]
[PlyCount "38"]
[EventDate "2014.10.19"]
[EventType "team-tourn"]
[EventRounds "9"]
[EventCountry "GER"]
[SourceTitle "EXT 2018"]
[Source "ChessBase"]
[SourceDate "2017.10.13"]
[SourceVersion "1"]
[SourceVersionDate "2017.10.13"]
[SourceQuality "1"]
[WhiteTeam "Hof PTSV"]
[BlackTeam "Kronach"]
[WhiteTeamCountry "GER"]
[BlackTeamCountry "GER"]

1. d4 Nf6 2. c3 c5 3. Nf3 b6 4. Bg5 Bb7 5. Nbd2 e6 6. e4 Be7 7. Bd3 0-0 8. 0-0 d6 9. Re1 cxd4 10. Nxd4 Nbd7 11. Rc1 a6 12. Bb1 Qc7 13. Qf3 Rfe8 14. Qd3 Ne5 15. Qh3 Ng6 16. N2f3 Rad8 17. Nh4 Qc5 18. Be3 Qh5 19. Nxg6 hxg6 1/2-1/2

[Event "Regionalliga NW 1415"]
[Site "Bayern"]
[Date "2014.10.19"]
[Round "1.3"]
[White "Hertel, Hans"]
[Black "Lindner, Marco"]
[Result "1-0"]
[WhiteElo "2020"]
[BlackElo "1899"]
[PlyCount "127"]
[EventDate "2014.10.19"]
[EventType "team-tourn"]
[EventRounds "9"]
[EventCountry "GER"]
[SourceTitle "EXT 2018"]
[Source "ChessBase"]
[SourceDate "2017.10.13"]
[SourceVersion "1"]
[SourceVersionDate "2017.10.13"]
[SourceQuality "1"]
[WhiteTeam "Hof PTSV"]
[BlackTeam "Mainaschaff"]
[WhiteTeamCountry "GER"]
[BlackTeamCountry "GER"]

1. d4 Nf6 2. Bg5 g6 3. Nd2 Bg7 4. e3 0-0 5. Bd3 d6 6. Ngf3 c5 7. c3 Nc6 8. 0-0 b6 9. Qe2 Bb7 10. Rac1 Qc7 11. e4 e5 12. dxe5 dxe5 13. Rfd1 h6 14. Bh4 Nh5 15. Bc2 Nf4 16. Qf1 a5 17. Ba4 Ne7 18. Bxe7 Qxe7 19. g3 Ne6 20. Bb5 Rfd8 21. Qe2 Nc7 22. Bd3 Bc6 23. Nf1 b5 24. b3 h5 25. Bc2 b4 26. Bd3 Bh6 27. Ne3 Rab8 28. cxb4 axb4 29. Qc2 Bf8 30. Nc4 f6 31. Ne3 Bb5 32. Bxb5 Nxb5 33. Rxd8 Qxd8 34. Qc4+ Kg7 35. Nd5 Nc7 36. Rd1 Nxd5 37. Rxd5 Qc7 38. Qd3 Rb7 39. Nd2 Qf7 40. Nc4 Ra7 41. Qd2 Be7 42. Nb6 Qe6 43. Na4 c4 44. Kg2 c3 45. Qe3 Rd7 46. Nc5 Bxc5 47. Qxc5 Rxd5 48. exd5 Qd7 49. Kf1 c2 50. Ke2 Qg4+ 51. f3 Qd4 52. Qc7+ Kf8 53. Qxc2 Qxd5 54. Qxg6 Qe6 55. Qd3 Qb6 56. Qc4 Ke7 57. Kf1 Kd6 58. Kg2 Qa5 59. Kh3 Ke7 60. g4 hxg4+ 61. Kxg4 Qxa2 62. Qxb4+ Kf7 63. Kg3 f5 64. h4 1-0

[Event "Regionalliga NW 1314"]
[Site "Bayern"]
[Date "2014.03.16"]
[Round "8.4"]
[White "Hertel, Hans"]
[Black "Becker, Alexander1"]
[Result "1/2-1/2"]
[WhiteElo "2030"]
[BlackElo "1969"]
[PlyCount "34"]
[EventDate "2013.10.13"]
[EventType "team-tourn"]
[EventRounds "9"]
[EventCountry "GER"]
[SourceTitle "EXT 2015"]
[Source "ChessBase"]
[SourceDate "2014.11.20"]
[SourceVersion "1"]
[SourceVersionDate "2014.11.20"]
[SourceQuality "1"]
[WhiteTeam "Hof"]
[BlackTeam "Kronach"]
[WhiteTeamCountry "GER"]
[BlackTeamCountry "GER"]

1. d4 Nf6 2. Bg5 c5 3. Bxf6 gxf6 4. d5 Qb6 5. b3 d6 6. Nd2 f5 7. c3 Bg7 8. Rc1 Nd7 9. g3 Nf6 10. Bg2 Qa6 11. Qc2 Rb8 12. Nh3 b5 13. 0-0 Bd7 14. Nf4 0-0 15. e4 fxe4 16. Nxe4 Nxe4 17. Qxe4 Rbe8 1/2-1/2

[Event "Regionalliga NW 1213"]
[Site "Bayern"]
[Date "2013.01.13"]
[Round "5.4"]
[White "Hertel, Hans"]
[Black "Wilfert, Andre"]
[Result "1-0"]
[WhiteElo "2061"]
[BlackElo "1956"]
[PlyCount "91"]
[EventDate "2012.10.14"]
[EventType "team-tourn"]
[EventRounds "9"]
[EventCountry "GER"]
[SourceTitle "EXT 2015"]
[Source "ChessBase"]
[SourceDate "2014.11.20"]
[SourceVersion "1"]
[SourceVersionDate "2014.11.20"]
[SourceQuality "1"]
[WhiteTeam "Hof"]
[BlackTeam "Marktleuthen"]
[WhiteTeamCountry "GER"]
[BlackTeamCountry "GER"]

1. d4 d5 2. c3 Nf6 3. Bg5 g6 4. e3 Bg7 5. Bd3 0-0 6. Nd2 c5 7. Bxf6 Bxf6 8. f4 Qb6 9. Rb1 Nc6 10. Ngf3 Bg4 11. h3 Bd7 12. Qe2 cxd4 13. exd4 Rae8 14. Ne5 Nxe5 15. fxe5 Bg7 16. 0-0 f6 17. Nf3 fxe5 18. Nxe5 Bxe5 19. Qxe5 Qe6 20. Qg5 Rxf1+ 21. Rxf1 Rf8 22. Rxf8+ Kxf8 23. h4 Qe1+ 24. Kh2 Qf2 25. h5 Bf5 26. Bxf5 gxf5 27. h6 Kf7 28. Qg7+ Ke6 29. Qe5+ Kf7 30. Qxd5+ Kg6 31. Qe6+ Kh5 32. Qxe7 Kxh6 33. Kh3 Kg6 34. Qd6+ Kh5 35. Qg3 Qd2 36. Qf3+ Kg5 37. d5 Kf6 38. g4 f4 39. c4 Ke5 40. Qc3+ Qxc3+ 41. bxc3 b5 42. cxb5 Kxd5 43. Kg2 Ke4 44. Kf2 h6 45. a4 f3 46. a5 1-0

[Event "Regionalliga NW 1213"]
[Site "Bayern"]
[Date "2012.11.11"]
[Round "2.4"]
[White "Hertel, Hans"]
[Black "Kraich, Klaus"]
[Result "0-1"]
[WhiteElo "2061"]
[BlackElo "2088"]
[PlyCount "60"]
[EventDate "2012.10.14"]
[EventType "team-tourn"]
[EventRounds "9"]
[EventCountry "GER"]
[SourceTitle "EXT 2015"]
[Source "ChessBase"]
[SourceDate "2014.11.20"]
[SourceVersion "1"]
[SourceVersionDate "2014.11.20"]
[SourceQuality "1"]
[WhiteTeam "Hof"]
[BlackTeam "Klingenberg/Main"]
[WhiteTeamCountry "GER"]
[BlackTeamCountry "GER"]

1. d4 d5 2. c3 g6 3. Bg5 Bg7 4. e3 Nf6 5. Nd2 0-0 6. Bd3 c5 7. Bxf6 Bxf6 8. f4 Qb6 9. Rb1 Bh4+ 10. g3 Bf6 11. Qf3 cxd4 12. exd4 Nc6 13. Ne2 e6 14. Nf1 Qa5 15. Kf2 b5 16. h4 b4 17. Ne3 Ba6 18. Bxa6 Qxa6 19. h5 bxc3 20. bxc3 Rab8 21. hxg6 hxg6 22. Ng4 Bg7 23. Rbd1 Rb2 24. Nh6+ Bxh6 25. Rxh6 Ne7 26. Rdh1 Rc8 27. Qe3 Kf8 28. Rh8+ Ng8 29. Qe5 Ke7 30. Qe3 Rxc3 0-1

[Event "Regionalliga NW 1213"]
[Site "Bayern"]
[Date "2012.10.14"]
[Round "1.4"]
[White "Becker, Tobias"]
[Black "Hertel, Hans"]
[Result "1-0"]
[WhiteElo "1925"]
[BlackElo "2061"]
[PlyCount "101"]
[EventDate "2012.10.14"]
[EventType "team-tourn"]
[EventRounds "9"]
[EventCountry "GER"]
[SourceTitle "EXT 2015"]
[Source "ChessBase"]
[SourceDate "2014.11.20"]
[SourceVersion "1"]
[SourceVersionDate "2014.11.20"]
[SourceQuality "1"]
[WhiteTeam "Kronach"]
[BlackTeam "Hof"]
[WhiteTeamCountry "GER"]
[BlackTeamCountry "GER"]

1. e4 c5 2. Nf3 Nc6 3. Bb5 e6 4. 0-0 Nge7 5. c3 d5 6. exd5 Qxd5 7. d4 cxd4 8. c4 Qh5 9. Nxd4 Qxd1 10. Rxd1 e5 11. Nxc6 Nxc6 12. Be3 Be6 13. Nc3 a6 14. Bxc6+ bxc6 15. b3 Ba3 16. Na4 Rd8 17. Bc5 Bxc5 18. Nxc5 Bc8 19. Re1 f6 20. f4 Rd2 21. fxe5 f5 22. Rad1 Rxa2 23. Rd6 Ke7 24. Rxc6 Rd8 25. Rc7+ Ke8 26. e6 Rdd2 27. Rxg7 Kf8 28. Rg5 Ke7 29. Kh1 Re2 30. Rg1 Kf6 31. Rh5 Kg6 32. Rh3 Bxe6 33. Nxe6 Rxe6 34. Rc3 Ree2 35. h3 a5 36. Kh2 Kf6 37. Kg3 Ke5 38. Rf3 a4 39. bxa4 Rxa4 40. Rgf1 Rxc4 41. Rxf5+ Ke6 42. Rf6+ Kd7 43. Rd1+ Ke7 44. Rh6 Rc3+ 45. Kh2 Rcc2 46. Rxh7+ Kf6 47. Rg1 Re3 48. Rh4 Rf2 49. Rg4 Rf5 50. Ra1 Re7 51. Raa4 1-0

[Event "Regionalliga NW 1112"]
[Site "Bayern"]
[Date "2012.03.18"]
[Round "8.3"]
[White "Kunz, Konstantin"]
[Black "Hertel, Hans"]
[Result "1-0"]
[WhiteElo "2178"]
[BlackElo "2033"]
[PlyCount "93"]
[EventDate "2011.10.02"]
[EventType "team-tourn"]
[EventRounds "9"]
[EventCountry "GER"]
[SourceTitle "EXT 2015"]
[Source "ChessBase"]
[SourceDate "2014.11.20"]
[SourceVersion "1"]
[SourceVersionDate "2014.11.20"]
[SourceQuality "1"]
[WhiteTeam "Kitzingen"]
[BlackTeam "Hof"]
[WhiteTeamCountry "GER"]
[BlackTeamCountry "GER"]

1. d4 f5 2. c4 Nf6 3. Nf3 e6 4. Bf4 d6 5. e3 g6 6. Be2 Bg7 7. h3 Nc6 8. Nc3 Qe7 9. 0-0 0-0 10. Bh2 Nd8 11. Rc1 Nf7 12. c5 Bd7 13. b4 g5 14. Bc4 Kh8 15. Qb3 g4 16. hxg4 Nxg4 17. Bg3 Ng5 18. cxd6 cxd6 19. Nxg5 Qxg5 20. Ne2 e5 21. f4 Qe7 22. Rfe1 Rac8 23. dxe5 dxe5 24. fxe5 Nxe5 25. Bd5 b5 26. Rxc8 Rxc8 27. Nd4 Nc4 28. Qd3 a6 29. Nxf5 Qg5 30. e4 Ne5 31. Qe3 Qxe3+ 32. Rxe3 Bf6 33. Re1 Nd3 34. Rd1 Bxf5 35. exf5 Nxb4 36. Be6 Rc3 37. Bf4 Nd3 38. Bd2 Bd4+ 39. Kh2 Be5+ 40. Kg1 Bd4+ 41. Kf1 Ra3 42. Bb3 Nb2 43. Re1 Nc4 44. Bb4 Rxb3 45. axb3 Ne3+ 46. Ke2 Nxf5 47. Kd3 1-0

[Event "Regionalliga NW 1112"]
[Site "Bayern"]
[Date "2011.10.02"]
[Round "1.3"]
[White "Chalus, Karel"]
[Black "Hertel, Hans"]
[Result "1/2-1/2"]
[WhiteElo "2024"]
[BlackElo "2033"]
[PlyCount "47"]
[EventDate "2011.10.02"]
[EventType "team-tourn"]
[EventRounds "9"]
[EventCountry "GER"]
[SourceTitle "EXT 2013"]
[Source "ChessBase"]
[SourceDate "2012.11.22"]
[SourceVersion "1"]
[SourceVersionDate "2012.11.22"]
[SourceQuality "1"]
[WhiteTeam "Kirchenlaibach"]
[BlackTeam "Hof"]
[WhiteTeamCountry "GER"]
[BlackTeamCountry "GER"]

1. e4 c5 2. Nf3 Nc6 3. d4 cxd4 4. Nxd4 Nf6 5. Nc3 e5 6. Ndb5 d6 7. Bg5 a6 8. Na3 b5 9. Bxf6 gxf6 10. Nd5 Bg7 11. c3 Ne7 12. Nc2 0-0 13. Nce3 Nxd5 14. Nxd5 f5 15. a4 Rb8 16. exf5 Bxf5 17. Nb4 e4 18. Nc6 Qc7 19. Nxb8 Bxc3+ 20. bxc3 Qxc3+ 21. Ke2 Be6 22. Qc1 Bc4+ 23. Kd1 Bb3+ 24. Ke2 1/2-1/2

[Event "Regionalliga NW 0809"]
[Site "Bayern"]
[Date "2008.10.26"]
[Round "2.2"]
[White "Hertel, Hans"]
[Black "Stauch, Edgar"]
[Result "1/2-1/2"]
[WhiteElo "2070"]
[BlackElo "2090"]
[PlyCount "53"]
[EventDate "2008.10.05"]
[EventType "team-tourn"]
[EventRounds "9"]
[EventCountry "GER"]
[SourceTitle "EXT 2020"]
[Source "ChessBase"]
[SourceDate "2019.10.17"]
[SourceVersion "1"]
[SourceVersionDate "2019.10.17"]
[SourceQuality "1"]
[WhiteTeam "Hof"]
[BlackTeam "Kronach"]
[WhiteTeamCountry "GER"]
[BlackTeamCountry "GER"]

1. d4 Nf6 2. c3 g6 3. Bg5 Bg7 4. Nd2 d6 5. e4 0-0 6. Bc4 c5 7. dxc5 dxc5 8. Qe2 Nc6 9. Ngf3 Ng4 10. 0-0 Qc7 11. Rfd1 h6 12. Bh4 b6 13. Bg3 Nge5 14. Bd5 Bb7 15. Nxe5 Bxe5 16. Bxe5 Nxe5 17. Bxb7 Qxb7 18. f4 Nc6 19. Nf3 Rad8 20. f5 Qc7 21. fxg6 fxg6 22. e5 Kg7 23. Rxd8 Rxd8 24. Rf1 Rf8 25. Rd1 Rd8 26. Rf1 Rf8 27. Rd1 1/2-1/2

[Event "Regionalliga NW 0809"]
[Site "Bayern"]
[Date "2008.10.05"]
[Round "1.2"]
[White "Wunder, Stefan"]
[Black "Hertel, Hans"]
[Result "1-0"]
[WhiteElo "2021"]
[BlackElo "2070"]
[PlyCount "71"]
[EventDate "2008.10.05"]
[EventType "team-tourn"]
[EventRounds "9"]
[EventCountry "GER"]
[SourceTitle "EXT 2020"]
[Source "ChessBase"]
[SourceDate "2019.10.17"]
[SourceVersion "1"]
[SourceVersionDate "2019.10.17"]
[SourceQuality "1"]
[WhiteTeam "Nordhalben"]
[BlackTeam "Hof"]
[WhiteTeamCountry "GER"]
[BlackTeamCountry "GER"]

1. Nf3 f5 2. b3 Nf6 3. Bb2 d6 4. d4 e6 5. g3 d5 6. Bg2 Bd6 7. 0-0 0-0 8. Ne5 b6 9. Nd2 Bb7 10. e3 Nbd7 11. c4 c5 12. Re1 Qc7 13. cxd5 Bxd5 14. Nxd7 Qxd7 15. Nc4 Bxg2 16. Kxg2 Be7 17. f3 Qb7 18. Qe2 b5 19. Ne5 Ng4 20. Nd3 c4 21. Nf4 Bb4 22. Rec1 cxb3 23. axb3 Rfe8 24. Nd3 Bf8 25. h3 Nf6 26. Nc5 Qb8 27. Na6 Qb6 28. Nc7 Bd6 29. Nxa8 Rxa8 30. Bc3 Nh5 31. Be1 Qb8 32. Rc6 Bxg3 33. Rac1 f4 34. R1c5 Qe8 35. Bxg3 Qg6 36. Rxh5 1-0

[Event "Regionalliga NW 0607"]
[Site "Bayern"]
[Date "2007.03.18"]
[Round "7.3"]
[White "Seidens, Udo"]
[Black "Hertel, Hans"]
[Result "1-0"]
[WhiteElo "2114"]
[BlackElo "2102"]
[PlyCount "113"]
[EventDate "2006.10.15"]
[EventType "team-tourn"]
[EventRounds "9"]
[EventCountry "GER"]
[SourceTitle "EXT 2008"]
[Source "ChessBase"]
[SourceDate "2007.11.25"]
[SourceVersion "1"]
[SourceVersionDate "2007.11.25"]
[SourceQuality "1"]
[WhiteTeam "Schweinfurt"]
[BlackTeam "Hof"]
[WhiteTeamCountry "GER"]
[BlackTeamCountry "GER"]

1. d4 f5 2. Nf3 Nf6 3. g3 e6 4. Bg2 d5 5. c4 c6 6. 0-0 Bd6 7. Qb3 0-0 8. Nc3 Nbd7 9. Ng5 Qe7 10. f4 h6 11. Nf3 Ne4 12. Ne5 Kh7 13. Nxe4 fxe4 14. Bd2 Nf6 15. Rac1 Rb8 16. Bh3 Bd7 17. c5 Bc7 18. Qa3 a6 19. Ba5 Bxa5 20. Qxa5 g6 21. a4 Rbe8 22. Qc3 Bc8 23. b4 Nd7 24. e3 Nxe5 25. dxe5 Bd7 26. Qb2 Rg8 27. Kh1 Ref8 28. Rf2 Be8 29. Rcf1 Kg7 30. Bg4 Bd7 31. Be2 Kh7 32. Rg1 Be8 33. Rc1 g5 34. Rcf1 Bg6 35. fxg5 Rxf2 36. Rxf2 Qxg5 37. Rf4 Bh5 38. g4 Bg6 39. b5 axb5 40. axb5 Qh4 41. bxc6 bxc6 42. Qa1 Rg7 43. Rf6 Qg5 44. Rf4 Qh4 45. Rf8 Qg5 46. Qa8 Bf7 47. Rh8+ Kg6 48. Qd8 Qxd8 49. Rxd8 h5 50. h3 hxg4 51. hxg4 Rg8 52. Rxg8+ Bxg8 53. Bb5 Kg5 54. Bxc6 Bf7 55. Bd7 d4 56. exd4 e3 57. Kg2 1-0